| 000 | 01213nam a2200361 i 4500 | ||
|---|---|---|---|
| 999 |
_c2748 _d2748 |
||
| 001 | 014533885 | ||
| 003 | Uk | ||
| 005 | 20230818142301.0 | ||
| 008 | 080227s2008 enka |0|0 j|eng | ||
| 015 |
_aGBB464410 _2bnb |
||
| 016 | 7 |
_a014533885 _2Uk |
|
| 020 | _a9780194791359 (paperback) | ||
| 040 |
_aUk _beng _cUk _dUk _dKH8 _erda |
||
| 042 | _aukblsr | ||
| 082 | 0 | 4 |
_a428.6 BOR _223 |
| 100 | 1 |
_aBorder, Rosemary, _d1943- _eauthor. |
|
| 245 | 1 | 0 |
_aTooth and claw : _bshort stories / _cSaki ; retold by Rosemary Border. |
| 250 | _aSimplified edition. | ||
| 264 | 1 |
_aOxford : _bOxford University Press, _c[2008] |
|
| 300 |
_a72 pages : _billustrations (black and white) ; _c20 cm. |
||
| 336 |
_atext _2rdacontent |
||
| 337 |
_aunmediated _2rdamedia |
||
| 338 |
_avolume _2rdacarrier |
||
| 490 | 0 | _aOxford bookworms library. Human interest. Stage 3 | |
| 505 | 0 | _aSredni Vashtar -- The story-teller -- Gabriel-Ernest -- Tobermory -- The she-wolf. | |
| 600 | 0 | 0 |
_aSaki, _d1870-1916 _vAdaptations. |
| 650 | 0 | _aReaders (Secondary) | |
| 650 | 0 | _aReaders (Adult) | |
| 650 | 0 |
_aReaders _xAnimals. |
|
| 700 | 0 | 2 |
_aSaki, _d1870-1916. _tSredni Vashtar. |
| 700 | 0 | 2 |
_aSaki, _d1870-1916. _tStory-teller. |
| 942 |
_2ddc _cTR |
||